[Event "TUR Cup"]
[Site "Antalya"]
[Date "2020.02.02"]
[Round "11"]
[White "Mutlu, Bunyamin"]
[Black "Eremkere, Mehmet Halil"]
[Result "0-1"]
[WhiteElo "1460"]
[BlackElo "1670"]
[PlyCount "116"]
[EventDate "2020.01.26"]
[EventType "swiss"]
[EventRounds "11"]
[EventCountry "TUR"]
[SourceTitle "CBM 194 Extra"]
[Source "ChessBase"]
[SourceDate "2020.03.31"]
[SourceVersion "1"]
[SourceVersionDate "2020.03.31"]
[SourceQuality "1"]

1. e4 c5 2. b3 d6 3. Bb2 Nc6 4. Bb5 Bd7 5. Nc3 Nf6 6. Nf3 e6 7. 0-0 Be7 8. e5 Nxe5 9. Nxe5 dxe5 10. Qe2 Bd6 11. Rfe1 0-0 12. Qd3 Bb8 13. Ne4 Bxb5 14. Qxb5 Nxe4 15. Rxe4 Qd5 16. Rae1 f6 17. c4 Qxd2 18. Qxb7 Bd6 19. R4e2 Qd3 20. Qd7 Rfd8 21. Qxe6+ Kh8 22. f4 exf4 23. Bxf6 Rf8 24. Bb2 Rad8 25. Qh6 Rf7 26. Re8+ Bf8 27. Rxd8 Qxd8 28. Qh5 Kg8 29. Qd5 Qh4 30. Re8 h6 31. Qxc5 Kh7 32. Qe5 Qg4 33. Qe4+ Qg6 34. Qxg6+ Kxg6 35. Kf2 Bc5+ 36. Kf3 Rd7 37. Re2 Be3 38. Be5 Kf5 39. Bb8 h5 40. c5 Rd1 41. g3 g5 42. gxf4 gxf4 43. c6 Rf1+ 44. Kg2 Rc1 45. c7 Ke4 46. Rb2 f3+ 47. Kg3 h4+ 48. Kxh4 f2 49. Rxf2 Bxf2+ 50. Kg5 Bb6 51. h4 Bxc7 52. Bxa7 Bd8+ 53. Kh5 Rc2 54. a3 Rh2 55. b4 Kf5 56. Kh6 Rxh4+ 57. Kg7 Bf6+ 58. Kg8 Rh8+ 0-1

[Event "TUR Cup"]
[Site "Antalya"]
[Date "2020.01.31"]
[Round "9"]
[White "Mutlu, Bunyamin"]
[Black "Karanlik, Suleyman"]
[Result "1-0"]
[WhiteElo "1460"]
[BlackElo "1575"]
[PlyCount "61"]
[EventDate "2020.01.26"]
[EventType "swiss"]
[EventRounds "11"]
[EventCountry "TUR"]
[SourceTitle "CBM 194 Extra"]
[Source "ChessBase"]
[SourceDate "2020.03.31"]
[SourceVersion "1"]
[SourceVersionDate "2020.03.31"]
[SourceQuality "1"]

1. e4 c5 2. b3 Nf6 3. Nc3 Nc6 4. Bb5 Qa5 5. Bb2 e6 6. Nf3 a6 7. Bxc6 bxc6 8. e5 Nd5 9. Ne4 Qb4 10. Nfg5 h6 11. a3 Qb7 12. Qh5 g6 13. Qh4 c4 14. Nd6+ Bxd6 15. exd6 f6 16. Ne4 Kf7 17. Nxf6 c3 18. Nxd5 cxd5 19. Qf4+ Ke8 20. Qf6 Rh7 21. Qxg6+ Rf7 22. Bxc3 Qb6 23. 0-0 a5 24. Be5 Ba6 25. d3 Bb7 26. d4 Ba6 27. Rfe1 Qd8 28. Qxh6 Rc8 29. Qh8+ Rf8 30. Qh5+ Rf7 31. Re3 1-0

[Event "TUR Cup"]
[Site "Antalya"]
[Date "2020.01.29"]
[Round "6"]
[White "Catak, Ayhan"]
[Black "Mutlu, Bunyamin"]
[Result "0-1"]
[WhiteElo "1359"]
[BlackElo "1460"]
[PlyCount "75"]
[EventDate "2020.01.26"]
[EventType "swiss"]
[EventRounds "11"]
[EventCountry "TUR"]
[SourceTitle "CBM 194 Extra"]
[Source "ChessBase"]
[SourceDate "2020.03.31"]
[SourceVersion "1"]
[SourceVersionDate "2020.03.31"]
[SourceQuality "1"]

1. c4 Nf6 2. Nf3 g6 3. Nc3 Bg7 4. g3 0-0 5. Bg2 d6 6. d4 c6 7. e4 Nbd7 8. 0-0 e5 9. Re1 exd4 10. Nxd4 Nb6 11. b3 d5 12. exd5 cxd5 13. Ba3 Re8 14. Rxe8+ Qxe8 15. c5 Bg4 16. Qd2 Nbd7 17. Re1 Qd8 18. h3 Qa5 19. Ndb5 Be6 20. b4 Qd8 21. Nd4 Nf8 22. Nxe6 fxe6 23. Rd1 Qd7 24. Ne4 Nxe4 25. Bxe4 Qa4 26. Bxd5 Qxa3 27. Bxb7 Re8 28. c6 Bc3 29. Qc2 Be5 30. b5 Qa5 31. Ba6 Rd8 32. Rxd8 Qxd8 33. Qe4 Bc7 34. a4 Qd5 35. Qg4 Qf5 36. Qd4 Bb6 37. Qf4 Qxf4 38. gxf4 0-1